000 01140nam a22002657a 4500
001 BD-DhSAU 9032
003 BD-DhSAU
005 20190515143424.0
008 190324b2017 xxu||||| |||| 001 0 eng d
040 _aBD-DhSAU
082 _222
_a634.99
_bT1594
100 _aTanveer, M. Golam Rabbi
_4Registration No.# 11-04513
245 _aDetermination of heavy metals in different industrial sites of Saver upazila of Dhaka / Ms Thesis
_c M. Golam Rabbi Tanveer
260 _aSher-e- Bangla Agricultural University :
_bDepartment of Agroforestry and Environmental Science,
_c2017,
300 _aix, 45 p. :
_bill. ,
_c30 cm.
500 _aMS thesis , Department of Agroforestry and Enviornmental Science , Faculty of Agriculture, Sher-e-Bangla Agricultural University, Dhaka, Bangladesh
504 _aIncludes bibliographical reference.
590 _aBandana
650 _aHeavy Metals
650 _aIndustrial Sites
_zDhaka
700 _aIslam, Ferzana
_eSupervisor
700 _aHossain, Forhad
_eCo-Supervisor
856 _uhttp://archive.saulibrary.edu.bd:8080/xmlui/handle/123456789/2292
_yOnline Access
942 _2ddc
_cTHESIS
999 _c14589
_d14588